000 00877nam a2200253 i 4500
001 000029250
003 DO-SdBNP
005 20240723100218.0
007 ta
008 110414s2004 dr 000 0 spa d
040 _aDO-SdBNP
_bspa
_cBNPHU
_erda
049 _aBNPD
082 4 _bV693c
_222
100 1 _aViguera Ozuna, Vinicio,
_97872
_eautor
245 1 0 _aColoquio poético con Gastón Fernando y cantos poéticos del corazón /
_cVinicio Viguera Ozuna ; prólogo, Félix Ramírez Sepúlveda.
264 _aSanto Domingo :
_bSan Rafael,
_c198-?.
300 _a68 páginas ;
_c21 cm.
336 _2rdacontent
_atexto
_btxt
337 _2rdamedia
_asin mediación
_bn
338 _2rdacarrier
_avolumen
_bnc
590 _aPerteneció a la biblioteca personal de Juan Isidro Jimenes Grullón.
700 1 _aRamírez Sepúlveda, Félix,
_eprólogo
_956145
942 _2ddc
_cLBS1
999 _c28742
_d28742